000 00329 a2200145 4500
001 153180
040 _cEscola São Tomás de Aquino
240 1 0 _aOlhos vendados
_lpor
245 1 0 _aOlhos vendados
300 _a110
362 0 _a2007
440 1 _aDifusão Cultural do Livro
697 _aLITERATURA BRASILEIRA
942 _cBK
999 _c153180
_d153180